Les villes les plus peuplées de France commençant par E/F - Statistiques

Statistiques générales
  • Ce quiz a été pris 78 fois
    13 depuis la dernière actualisation
  • Le résultat moyen est 7 sur 15
Statistiques - réponses
Départements Population Lettres Villes % Correct
Essonne 67 000 E Évry-Courcouronnes
90%
Martinique 77 000 F Fort de France
90%
Vosges 32 000 E Épinal
80%
Isère 37 000 E Echirolles
70%
Eure 47 000 E Évreux
70%
Var 54 000 F Fréjus
70%
Essone 26 000 E Etampes
50%
Val d'Oise 37 000 F Franconville
40%
Seine Saint Denis 55 000 E Épinay-sur-Seine
30%
Val d'Oise 29 000 E Ermont
30%
Yvelines 26 000 E Élancourt
20%
Tahiti 30 000 F Faaa
20%
Val de Marne 29 000 F Fresnes
20%
Hauts de Seine 26 000 F Fontenay-aux-Roses
10%
Val de Marne 52 000 F Fontenay-sous-Bois
10%
Aucun quiz correspondant
Distribution des résultats
% des personnes avec chaque résultat
Percentile par nombre de réponses
Votre historique - résultats
Vous n’avez pas pris ce quiz depuis la dernière actualisation